[Event "European zonal C"]
[Site "Vratsa BUL"]
[Date "1975.11.11"]
[Round "14"]
[White "Sax, Gyula"]
[Black "Vogt, Lothar"]
[Result "1-0"]
[WhiteElo "2510"]
[BlackElo "2450"]
[EventDate "1975.10.23"]
[PlyCount "51"]

1.e4 c5 2.Nf3 e6 3.d4 cxd4 4.Nxd4 Nf6 5.Nc3 d6 6.Be3 Be7 7.Qf3 O-O 8.O-O-O
Nbd7 9.Be2 a6 10.g4 Qc7 11.g5 Ne8 12.Rhg1 b5 13.a3 Bb7 14.Qh3 d5 15.exd5 
Bxa3 16.Ne4 Bxd5 17.Nf6+ Nexf6 18.gxf6 Bxb2+ 19.Kxb2 g6 20.Bg5 h5 21.Qxh5 
Qa5 22.Qh6 Qa2+ 23.Kc1 Qa1+ 24.Kd2 Qxd4+ 25.Bd3 Nxf6 26.Bxf6 1-0

[Event "European zonal C"]
[Site "Vratsa BUL"]
[Date "1975.11.11"]
[Round "14"]
[White "Sigurjonsson, Gudmundur"]
[Black "Letzelter, Jean-Claude"]
[Result "1-0"]
[WhiteElo "2475"]
[BlackElo "2240"]
[EventDate "1975.10.23"]
[PlyCount "69"]

1.e4 Nf6 2.e5 Nd5 3.d4 d6 4.Nf3 g6 5.Bc4 Nb6 6.Bb3 Bg7 7.Ng5 d5 8.f4 h6 9.
Nf3 a5 10.c3 a4 11.Bc2 Bf5 12.Bxf5 gxf5 13.Nh4 e6 14.Qh5 Nc4 15.g4 fxg4 
16.f5 Ra6 17.fxe6 Rxe6 18.O-O Qd7 19.Nf5 Bf8 20.b3 Na5 21.Ba3 axb3 22.axb3
Nxb3 23.Ra2 c5 24.Rb2 Rg6 25.Rxb3 Rg5 26.e6 Qxe6 27.Qh4 g3 28.Nxg3 Rhg8 
29.c4 Rg4 30.Qf6 Qxf6 31.Rxf6 Bg7 32.Rd6 Bxd4+ 33.Kg2 dxc4 34.Rxb7 Rxg3+ 
35.hxg3 1-0

[Event "European zonal C"]
[Site "Vratsa BUL"]
[Date "1975.11.11"]
[Round "14"]
[White "Wirthensohn, Heinz"]
[Black "Ree, Hans"]
[Result "1/2-1/2"]
[WhiteElo "2330"]
[BlackElo "2470"]
[EventDate "1975.10.23"]
[PlyCount "41"]

1.Nf3 d5 2.g3 c5 3.Bg2 Nc6 4.O-O e5 5.d3 Nf6 6.Bg5 Be7 7.Nfd2 O-O 8.Nc3 d4
9.Bxf6 Bxf6 10.Nd5 Be6 11.c4 dxc3 12.Nxf6+ Qxf6 13.bxc3 Rac8 14.Qa4 Qe7 
15.Rfb1 Rfd8 16.Nc4 Bd5 17.Bh3 Rc7 18.Ne3 b6 19.Nxd5 Rxd5 20.Bg2 Rd6 21.c4
1/2-1/2

[Event "European zonal C"]
[Site "Vratsa BUL"]
[Date "1975.11.13"]
[Round "15"]
[White "Bednarski, Jacek"]
[Black "Wirthensohn, Heinz"]
[Result "1/2-1/2"]
[WhiteElo "2425"]
[BlackElo "2330"]
[EventDate "1975.10.23"]
[PlyCount "85"]

1.e4 c5 2.Nf3 Nc6 3.Bb5 g6 4.O-O Bg7 5.c3 Nf6 6.Re1 O-O 7.d4 cxd4 8.cxd4 
d5 9.e5 Ne4 10.Nc3 Nxc3 11.bxc3 Bg4 12.h3 Bxf3 13.Qxf3 Qa5 14.Bxc6 bxc6 
15.a4 e6 16.Ba3 Rfd8 17.Reb1 Rd7 18.Qd3 Bf8 19.Bb4 Qc7 20.Qe3 a5 21.Bc5 
Rb8 22.h4 Rdd8 23.h5 Rxb1+ 24.Rxb1 Rb8 25.Rd1 Qd8 26.Bxf8 Kxf8 27.g3 Rb3 
28.Kg2 Qe7 29.Rh1 Kg8 30.Qd2 Qd8 31.Rc1 Rb7 32.Qe3 Rb2 33.Rh1 Qe7 34.Qc1 
Rb3 35.Qc2 Qb7 36.Qc1 Qe7 37.Qd2 Qd8 38.Qe3 Qe7 39.Ra1 Rb2 40.Qc1 Rb3 41.
Rb1 Rxb1 42.Qxb1 gxh5 43.Qb6 1/2-1/2

[Event "European zonal C"]
[Site "Vratsa BUL"]
[Date "1975.11.13"]
[Round "15"]
[White "Gheorghiu, Florin"]
[Black "Sax, Gyula"]
[Result "1/2-1/2"]
[WhiteElo "2540"]
[BlackElo "2510"]
[EventDate "1975.10.23"]
[PlyCount "75"]

1.c4 c5 2.Nf3 f5 3.d4 cxd4 4.Nxd4 e6 5.g3 Nf6 6.Bg2 Bb4+ 7.Nd2 Nc6 8.a3 
Be7 9.N2f3 O-O 10.O-O d5 11.cxd5 Nxd5 12.Nxc6 bxc6 13.Qc2 c5 14.e4 fxe4 
15.Qxe4 Rb8 16.Ne5 Qc7 17.Re1 Bf6 18.h4 Bb7 19.Nf3 Rbe8 20.Ne5 Ba8 21.Qe2 
Rb8 22.Bh3 Kh8 23.Qh5 Bxe5 24.Qxe5 Qf7 25.Qe2 c4 26.Bg2 c3 27.bxc3 Nxc3 
28.Qf1 Bd5 29.Bf4 Rbc8 30.Bxd5 Nxd5 31.Be5 Qf5 32.Re2 Rc4 33.Rc1 Rg4 34.
Qe1 h6 35.Rc6 Rg6 36.Qc1 Kh7 37.Qc2 Qg4 38.h5 1/2-1/2

[Event "European zonal C"]
[Site "Vratsa BUL"]
[Date "1975.11.13"]
[Round "15"]
[White "Letzelter, Jean-Claude"]
[Black "Dueball, Jurgen"]
[Result "1/2-1/2"]
[WhiteElo "2240"]
[BlackElo "2455"]
[EventDate "1975.10.23"]
[PlyCount "52"]

1.e4 c5 2.Nf3 d6 3.d4 cxd4 4.Nxd4 Nf6 5.Nc3 Nc6 6.Be3 Ng4 7.Nxc6 bxc6 8.
Bg5 Qb6 9.Qd2 h6 10.Bh4 Qxb2 11.Rb1 Qa3 12.f3 Ne5 13.f4 g5 14.Rb3 Qa5 15.
fxe5 gxh4 16.exd6 exd6 17.Bc4 Be7 18.Qf4 O-O 19.Qxh6 Qg5 20.Qxg5+ Bxg5 21.
Ne2 Bg4 22.Rf1 Rae8 23.Bd3 d5 24.exd5 cxd5 25.h3 Bc8 26.Kd1 Re7 1/2-1/2

[Event "European zonal C"]
[Site "Vratsa BUL"]
[Date "1975.11.13"]
[Round "15"]
[White "Radulov, Ivan"]
[Black "Matanovic, Aleksandar"]
[Result "1/2-1/2"]
[WhiteElo "2510"]
[BlackElo "2490"]
[EventDate "1975.10.23"]
[PlyCount "37"]

1.e4 e5 2.Nf3 Nc6 3.Nc3 Nf6 4.d4 exd4 5.Nxd4 Bb4 6.Nxc6 bxc6 7.Bd3 d5 8.
exd5 cxd5 9.O-O O-O 10.Bg5 c6 11.Qf3 Be7 12.Ne2 Bg4 13.Qf4 Bxe2 14.Bxe2 
Nh5 15.Bxh5 Bxg5 16.Qa4 Qb6 17.b3 Bf6 18.Rad1 a5 19.Bf3 1/2-1/2

[Event "European zonal C"]
[Site "Vratsa BUL"]
[Date "1975.11.13"]
[Round "15"]
[White "Strobel, Ferdinand"]
[Black "Matulovic, Milan"]
[Result "0-1"]
[WhiteElo "2365"]
[BlackElo "2530"]
[EventDate "1975.10.23"]
[PlyCount "58"]

1.f4 g6 2.Nf3 Bg7 3.g3 c5 4.e4 Nc6 5.Bg2 d6 6.d3 e6 7.Nc3 Nge7 8.O-O O-O 
9.Be3 Nd4 10.Qd2 Rb8 11.a4 a6 12.Qf2 Nec6 13.Nd1 Nxf3+ 14.Bxf3 b6 15.g4 d5
16.exd5 exd5 17.c3 f5 18.Qg2 Ne7 19.Nf2 fxg4 20.Nxg4 d4 21.Bd2 dxc3 22.
bxc3 Bxg4 23.Qxg4 Qxd3 24.Rad1 Nf5 25.Be1 Qxf1+ 26.Kxf1 Ne3+ 27.Ke2 Nxg4 
28.Bxg4 Rbe8+ 29.Kf3 Be5 0-1

[Event "European zonal C"]
[Site "Vratsa BUL"]
[Date "1975.11.13"]
[Round "15"]
[White "Vogt, Lothar"]
[Black "Ermenkov, Evgeny"]
[Result "1-0"]
[WhiteElo "2450"]
[BlackElo "2430"]
[EventDate "1975.10.23"]
[PlyCount "78"]

1.e4 c5 2.Nf3 e6 3.d4 cxd4 4.Nxd4 Nc6 5.Nc3 d6 6.Be3 Nf6 7.f4 Be7 8.Qf3 e5
9.Nxc6 bxc6 10.f5 Qa5 11.O-O-O Bb7 12.Bc4 O-O 13.Bb3 d5 14.Bd2 Qc7 15.exd5
cxd5 16.Nxd5 Bxd5 17.Bxd5 Nxd5 18.Qxd5 Rfc8 19.Bc3 Rab8 20.Rd3 Bg5+ 21.Kb1
e4 22.Qxe4 Bf6 23.Ka1 Re8 24.Qd5 Bxc3 25.Rxc3 Qf4 26.a3 h6 27.g3 Qf2 28.
Rc7 Rf8 29.Qc5 Qe2 30.Rxa7 Rb5 31.Re7 Qf3 32.Qxb5 Qxh1+ 33.Ka2 Qxh2 34.Qb3
Qh5 35.Qd5 Qg5 36.Qe5 Qg4 37.b3 Qd1 38.Kb2 Kh7 39.f6 g6 1-0